000 00544nam a22001817a 4500
005 20251108165511.0
008 250721s1995 xx 000 0 ara d
082 1 4 _aم/808.88/أمث
100 1 _aعاصي، حسن
_eحقق
245 1 0 _aالأمثال و الحكم في آداب الشعوب و الأمم /
264 1 _aبيروت :
_bدار المواسم،
_c1995.
300 _a
650 1 7 _aالأدب العربي
650 1 7 _aالحكم (الأمثال)
650 1 7 _aالأمثال
942 _2ddc
_cREF
999 _c29390
_d29390